000 00601nam a2200205 a 4500
008
020 _a0902731254 (hbk.)
049 _aMAIN
090 _aQR201.L5
_bWAT
100 1 _aWatson, Jean M.
245 1 0 _aEssential action to minimise disability in leprosy patients /
_cJean M. Watson.
260 _aLondon :The leprosy mission,
_c1996.
300 _a32 p. :
_bill. ;
_c30cm.
650 1 _aLeprosy
_vdisability.
907 _a.b10327472
_b02-10-15
_c19-02-13
003
005 20230123122000.0
040 _cNUST
942 _cBOOKS
_kQR201.L5
_mWAT
999 _c125769
_d125769